Ensayo sobre la historia del movimiento obrero mexicano, 1823-1912 (Record no. 8889)

MARC details
000 -CABECERA
campo de control de longitud fija 00810nam a2200241 a 4500
001 - NÚMERO DE CONTROL
campo de control BRL_76
005 - FECHA Y HORA DE LA ÚLTIMA TRANSACCIÓN
campo de control 20190320210558.0
008 - DATOS DE LONGITUD FIJA--INFORMACIÓN GENERAL
campo de control de longitud fija 821203m1981----mx-a#####b---#000-0#spa-#
040 ## - FUENTE DE LA CATALOGACIÓN
Centro catalogador/agencia de origen DLC
Centro/agencia transcriptor DLC
Centro/agencia modificador DLC
041 ## - CÓDIGO DE LENGUA
Código de lengua del texto/banda sonora o título independiente spa
044 ## - CÓDIGO DEL PAÍS DE LA ENTIDAD EDITORA/PRODUCTORA
Código MARC del país mx
050 #4 - SIGNATURA TOPOGRÁFICA DE LA BIBLIOTECA DEL CONGRESO
Número de clasificación HD8116
Número de documento/Ítem .C36 1981
100 1# - ENTRADA PRINCIPAL--NOMBRE DE PERSONA
Nombre de persona Carrillo Azpéitia, Rafael
9 (RLIN) 4977
245 10 - MENCIÓN DE TÍTULO
Título Ensayo sobre la historia del movimiento obrero mexicano, 1823-1912
Mención de responsabilidad, etc. Rafael Carrillo Azpéitia.
260 ## - PUBLICACIÓN, DISTRIBUCIÓN, ETC.
Lugar de publicación, distribución, etc. México
Nombre del editor, distribuidor, etc. Centro de Estudios Históricos del Movimiento Obrero Mexicano
Fecha de publicación, distribución, etc. 1981
300 ## - DESCRIPCIÓN FÍSICA
Extensión 225 p.
Otras características físicas il.
Dimensiones 20 cm.
500 ## - NOTA GENERAL
Nota general Incluye dedicatoria para Ruth Lechuga, mayo 26/81
500 ## - NOTA GENERAL
Nota general Au117
650 14 - PUNTO DE ACCESO ADICIONAL DE MATERIA--TÉRMINO DE MATERIA
Término de materia o nombre geográfico como elemento de entrada Movimiento obrero
Subdivisión general Historia
Subdivisión geográfica México
9 (RLIN) 22841
650 14 - PUNTO DE ACCESO ADICIONAL DE MATERIA--TÉRMINO DE MATERIA
Término de materia o nombre geográfico como elemento de entrada Los sindicatos de trabajadores
Subdivisión general Historia
Subdivisión geográfica México
9 (RLIN) 22842
902 ## - CATALOGADOR
Iniciales GRL
942 ## - ELEMENTOS DE PUNTO DE ACCESO ADICIONAL (KOHA)
Fuente del sistema de clasificación o colocación Library of Congress Classification
Tipo de ítem Koha Libros
Holdings
Estado de retiro Estado de pérdida Estado dañado No para préstamo Localización permanente Ubicación/localización actual Fecha de adquisición Número de inventario Total de préstamos Signatura topográfica completa Código de barras Fecha visto por última vez Precio válido a partir de Tipo de ítem Koha
El ejemplar forma parte de la colección y puede ser consultado según las políticas vigentes.       Biblioteca Centro de Estudios Ruth D. Lechuga Biblioteca Centro de Estudios Ruth D. Lechuga 09/10/2012 Au117   HD8116 .C36 1981 (Au117) GRL00089 22/03/2019 22/03/2019 Libros